Normal view
MARC view
Entry Personal Name
001 - CONTROL NUMBER
- control field: 9001
003 - CONTROL NUMBER IDENTIFIER
- control field: BD-RjUL
005 - DATE AND TIME OF LATEST TRANSACTION
- control field: 20230916151415.0
008 - FIXED-LENGTH DATA ELEMENTS
- fixed length control field: 230916|| aca||aabn | a|a d
040 ## - CATALOGING SOURCE
- Original cataloging agency: BD-RjUL
- Transcribing agency: BD-RjUL
100 ## - HEADING--PERSONAL NAME
- Personal name: Miah, M. A. Bari, Co-Supervisor
670 ## - SOURCE DATA FOUND
- Source citation: Work cat.: (BD-RjUL)81923: Rashid, Mohammad Harun-Or 8999, Biotechnological Approaches to Improve abiotic Stress Tolerance in Potato (Solanum Tuberosum L.) /, 2019